[Event "46th BAN National Premier Chess-ch 2021"]
[Site "Dhaka"]
[Date "2022.01.08"]
[Round "11.7"]
[White "Murshed, Niaz"]
[Black "Rahman, Ziaur"]
[Result "1-0"]
[WhiteElo "2419"]
[BlackElo "2413"]
[Annotator "TA"]
[PlyCount "124"]
[EventDate "2021.12.27"]
[EventCountry "BAN"]
[SourceTitle "playchess.com"]
[Source "ChessBase"]
[SourceQuality "1"]

{[%evp 22,124,5,0,36,35,53,51,43,13,101,56,81,91,58,74,64,52,54,59,93,54,92,106,110,99,133,97,90,76,101,89,140,150,158,129,116,107,146,129,121,93,98,81,204,189,191,221,370,370,406,333,444,445,435,419,29989,514,480,458,544,534,534,532,488,227,601,447,588,224,231,225,230,224,230,230,256,222,203,187,212,8,196,189,166,147,189,178,29961,29966,29968,29970,29970,29971,29977,29978,29978,29979,29979,29980,29980,29980,29985,29986,29988]} 1. d4 d5 2. c4 e6 3. Nc3 Nf6 4. cxd5 exd5 5. Bg5 c6 6. Qc2 Be7 7. e3 O-O 8. Bd3 Nbd7 9. Nge2 Re8 10. O-O Nf8 11. f3 g6 {is more profitable than 11...Be6 at the moment.} 12. Rad1 Nh5 {D36: Queen's Gambit Declined: Exchange Variation: Main line (5 Bg5 c6 6 Qc2).} 13. Bxe7 Qxe7 14. e4 Be6 {White is slightly better.} 15. e5 {[#]} c5 $146 (15... Ng7 $11 {remains equal.}) ({Predecessor:} 15... Ng7 16. f4 Bf5 17. Bxf5 Nxf5 18. Qd3 Ng7 19. g4 f5 20. gxf5 Nxf5 21. Ng3 Qf7 {½-½ (38) Genov,P (2437)-Fomichenko,E (2456) Guingamp 2011}) 16. Bb5 (16. Qd2 $16) 16... Rec8 17. dxc5 Qxc5+ 18. Nd4 a6 19. Ba4 {[%cal Bb5a4,Ba4b3,Bb3c2,Bc2d3][%mdl 32]} b5 20. Bb3 b4 21. Nce2 Qa7 22. Qd2 a5 23. Kh1 Ng7 24. h3 Rc5 25. Bc2 Rac8 26. Bd3 Qd7 ({Black should try} 26... Qe7) 27. g4 $16 Qd8 28. Kg2 {White is much more active. Black has bad knights.} Bd7 29. f4 {f5 is the strong threat.} f6 30. exf6 Qxf6 31. f5 $36 {[%mdl 2048] White is in control.} gxf5 32. gxf5 (32. Nb3 R5c7 $11) 32... Ba4 (32... Kh8 $16 {was necessary.}) 33. Rde1 $1 $18 Kh8 34. Ne6 $1 Nfxe6 (34... Nd7 {was worth a try.} 35. Nxc5 Nxc5) 35. fxe6 Qxe6 36. Nd4 Qd6 37. Qg5 {To avoid Nh5} (37. Rf7 R5c7 38. Rxc7 Rxc7 $14) 37... Rg8 {Strongly threatening ...Nh5.} 38. Kh1 $1 Ne8 {[#]} (38... Rc6 $18 39. Nxc6 Bxc6 40. Bxh7 Kxh7 41. Qh4+ (41. Rf6 $2 d4+ 42. Kg1 Qxf6 $19) 41... Qh6 42. Qxh6+ Kxh6 43. Rf6+ Kh7 44. Rxc6 Nf5) 39. Qh4 (39. Re7 $142 $1 {[%mdl 512]} Qxe7 40. Qxe7 Rc7 41. Qe5+ Rcg7 {[#]} 42. Bxh7 $1 {[%mdl 512]} Bd1 43. Bxg8 Kxg8 44. Qxe8+ Kh7 45. Rf8) 39... Rc7 40. b3 ({Weaker is} 40. Ne6 d4 41. Nxc7 (41. Qxd4+ Qxd4 42. Nxd4 Rd7 $11) 41... Bc6+ 42. Be4 Qxc7 $18) 40... Bc6 41. Re6 {[%mdl 64] Skewer} Qg3 42. Qxg3 Rxg3 43. Nxc6 (43. Rf8+ $142 Rg8 44. Rxg8+ Kxg8 45. Rxc6) 43... Rxd3 $2 (43... Rxh3+ 44. Kg1 (44. Kg2 Rxd3 45. Rxe8+ Kg7 $18) 44... Rxd3) 44. Rxe8+ Kg7 45. Rg1+ $2 (45. Ne7) 45... Kf7 46. Ne5+ Kxe8 47. Nxd3 {[%mdl 4096] Endgame aiming for Rc1. KRN-KR} Rc3 48. Nf4 d4 49. Rg2 Rf3 50. Re2+ Kf7 51. Re4 ({White should play} 51. Ne6 $18 {Black must now prevent Ng5+.} Rxh3+ 52. Kg2) 51... Rf2 $2 (51... d3 $11 {and Black stays safe.} 52. Rd4 d2) 52. Rxd4 Rxa2 53. Nd3 Rc2 (53... Ke6 $16 54. Kg1 Rc2) 54. Rc4 Rxc4 {KR-KN} (54... Rc3 $18) 55. Ne5+ {White mates.} Ke6 56. Nxc4 a4 57. bxa4 {[%cal Bb3a4,Ba4a5,Ba5a6][%mdl 32] KN-KPP} Kd5 58. Nd2 Kd4 59. a5 Kc5 60. Kg2 Kb5 61. Nb3 Kc4 {[#]} 62. a6 $1 Kd5 {Weighted Error Value: White=0.40/Black=0.60} (62... Kxb3 63. a7) 1-0

[Event "46th BAN National Premier Chess-ch 2021"]
[Site "Dhaka"]
[Date "2022.01.09"]
[Round "12.1"]
[White "Manon, Reja Neer"]
[Black "Rahman, Ziaur"]
[Result "0-1"]
[WhiteElo "1989"]
[BlackElo "2413"]
[Annotator "TA"]
[PlyCount "64"]
[EventDate "2021.12.27"]
[EventCountry "BAN"]
[SourceTitle "playchess.com"]
[Source "ChessBase"]
[SourceQuality "1"]

{[%evp 12,64,22,8,22,13,10,22,56,0,20,0,167,172,160,103,116,84,94,34,44,21,40,0,62,53,61,71,71,55,48,47,47,24,23,0,23,22,56,58,73,56,87,87,70,71,105,20,15,0,0,-33,-39,-22,-45]} 1. e4 g6 2. d4 Bg7 3. Nf3 d6 4. Nc3 Nf6 5. h3 O-O 6. Be3 a6 $1 {[%mdl 4] now scores much better than the old 6...c6.} 7. Bd3 Nc6 {[%cal Bb8c6,Bc6a7,Ba7b5,Bb5d4,Bd4e2][%mdl 32] B08: Pirc Defence: Classical System.} 8. Qd2 e5 9. d5 {[#]} Na7 $146 ({Predecessor:} 9... Ne7 10. g4 c6 11. dxc6 bxc6 12. O-O-O d5 13. Nxe5 Nxe4 14. Bxe4 Bxe5 15. Bg2 Rb8 {0-1 (27) Movsesian,S (2647)-Carlsen,M (2837) Riadh 2017}) 10. O-O-O ({White should play} 10. a4 $14) 10... Nb5 11. Ne2 Nxe4 $2 12. Bxe4 $18 f5 {[#]} 13. Bd3 (13. Bg5 $142 $1 Bf6 (13... Qe8 14. Bd3) 14. Bd3) 13... f4 $16 {[#]} 14. h4 $1 {[%cal Re3f4,Bh3h4,Bh4h5,Bh5h6][%mdl 32]} fxe3 15. Qxe3 (15. fxe3 $16 {And now c4 would win.} Bg4 16. Kb1) 15... Nd4 $14 16. h5 Nxe2+ 17. Bxe2 (17. Qxe2 $5 {[%cal Rh5g6]} Qf6 18. h6 $11) 17... g5 (17... gxh5 $11 18. Rxh5 h6) 18. h6 ({Don't blunder} 18. Nxg5 $2 Bh6 19. Kb1 (19. f4 $2 exf4 20. Qb3 Qxg5 $19) 19... Qxg5 $19) 18... Bf6 19. Nd2 Bf5 20. Bd3 Bxd3 21. Qxd3 Qd7 22. f3 g4 23. Rh5 Kh8 24. Rf1 {With the idea fxg4.} Be7 {[%cal Bf6e7,Be7d6,Bd6c5][%mdl 32]} 25. f4 $1 Qe8 26. Rf5 Qg6 {[%csl LRf5,LRh6]} 27. fxe5 dxe5 28. Qe4 Rxf5 29. Rxf5 ({Better is} 29. Qxf5 $16 Kg8 30. Qxe5) 29... Bd6 $11 30. c4 {[%cal Oc4c5] c5! is the strong threat.} Qxh6 31. c5 Bxc5 32. Qxe5+ Qg7 {Weighted Error Value: White=0.21 (precise) /Black=0.26 (precise)} 0-1

[Event "46th BAN National Premier Chess-ch 2021"]
[Site "Dhaka"]
[Date "2022.01.09"]
[Round "12.2"]
[White "Md., Sharif Hossain"]
[Black "Murshed, Niaz"]
[Result "0-1"]
[WhiteElo "2211"]
[BlackElo "2419"]
[Annotator "TA"]
[PlyCount "102"]
[EventDate "2021.12.27"]
[EventCountry "BAN"]
[SourceTitle "playchess.com"]
[Source "ChessBase"]
[SourceQuality "1"]

{[%evp 9,102,16,21,2,13,7,6,2,12,7,10,-22,-6,-10,-11,-14,-18,-6,1,-8,18,0,9,-11,4,-22,-15,-178,-170,-343,-283,-289,-291,-285,-285,-291,-281,-288,-284,-493,-511,-504,-495,-512,-495,-500,-489,-506,-498,-662,-662,-872,-727,-797,-834,-1120,-1073,-1137,-1008,-1078,-1060,-1043,-1043,-1041,-1040,-1033,-958,-1235,-1195,-1366,-1296,-1287,-1253,-1156,-1145,-1939,-1922,-1900,-1653,-2729,-2732,-4133,-4975,-2695,-2413,-29969,-12833,-29940,-12840,-5181,-5889,-29972,-29979,-29987,-1031]} 1. e4 c5 2. Nf3 Nc6 3. Bb5 g6 4. O-O Bg7 5. Re1 e5 6. a3 {[%cal Ob2b4] B31: Sicilian: 2...Nc6 3 Bb5 g6.} Nge7 7. d3 {[%cal Ob2b4]} O-O 8. Be3 {The position is equal.} Nd4 9. Bc4 d6 {[#]} 10. Ng5 $146 ({Predecessor:} 10. Nbd2 d5 11. exd5 Nxd5 12. Bg5 Nxf3+ 13. Nxf3 Qd6 14. Bd2 Nb6 15. Bb3 Be6 16. Bxe6 Qxe6 {½-½ (31) Schakel,C (2359)-Latronico,N (2473) ICCF email 2009}) 10... h6 11. c3 Ndc6 12. Nf3 b6 13. b4 Bb7 14. Qb3 Rb8 15. Nbd2 Qe8 16. h3 Kh8 17. Nh2 f5 {Hoping for ...f4.} 18. f4 $2 {This costs White the game.} (18. f3 $11 {and White has nothing to worry.}) 18... fxe4 $19 19. Nxe4 $2 (19. dxe4 exf4 20. Bf2) 19... exf4 20. Bf2 d5 21. Bxd5 Nxd5 22. Qxd5 {[%cal Oe4c5] [#]} Nxb4 $1 {[%mdl 512]} 23. Qd6 Rd8 24. axb4 $2 (24. Nxc5 Rxd6 25. Rxe8 Rxe8 26. Nxb7) 24... Rxd6 25. Nxd6 Qc6 {[%csl Gb7][%cal Rc6g2]} 26. Nxb7 Bxc3 27. Nxc5 bxc5 28. Bxc5 Bxe1 29. Bxf8 {[#]} Bxb4 {[%mdl 512]} 30. Bxb4 (30. Bxh6 g5) 30... Qb6+ 31. Kf1 Qxb4 {[%mdl 4096] Endgame KQ-KRN} 32. Nf3 a5 {[%cal Ba7a5,Ba5a4][%mdl 32]} 33. Rc1 a4 34. Rc8+ Kg7 35. Rc7+ Kf8 36. Rc4 Qb1+ 37. Ke2 g5 38. Nd2 Qg1 {Strongly threatening ...a3.} 39. Rxa4 Qxg2+ 40. Kd1 Qh1+ 41. Kc2 Qxh3 42. Ne4 Qe3 43. Ra6 Kg7 44. Nd6 Qe6 45. Ra7+ Kg6 46. Ne4 g4 {And now ...g3 would win.} 47. Kd2 Qb6 (47... g3 $142 48. Ra1 g2 49. Kc2 Qb6 50. Nd2 Qc5+ 51. Kb3 Qd4 52. Ka2 Qxd3 53. Nb3 f3 54. Rc1 f2 55. Rc6+ Kf5 56. Rc5+ Kg4 57. Nc1 Qa6+ 58. Kb1 f1=Q 59. Rc2 Qa3 60. Rb2 Qf5+ 61. Rc2 Qb5+ 62. Nb3 g1=Q+ 63. Rc1 Qgxc1#) 48. Ra8 Qb2+ 49. Kd1 f3 {( -> ...Qe2+)} 50. Rg8+ Kh5 51. Rf8 Qb1+ {Weighted Error Value: White=0.98/Black=0.11 (very precise)} 0-1

[Event "46th BAN National Premier Chess-ch 2021"]
[Site "Dhaka"]
[Date "2022.01.09"]
[Round "12.3"]
[White "Mohammad, Minhaz Uddin"]
[Black "Mollah Abdullah, Al Rakib"]
[Result "1/2-1/2"]
[WhiteElo "2259"]
[BlackElo "2459"]
[Annotator "TA"]
[PlyCount "137"]
[EventDate "2021.12.27"]
[EventCountry "BAN"]
[SourceTitle "playchess.com"]
[Source "ChessBase"]
[SourceQuality "1"]

{[%evp 11,137,57,51,51,57,57,52,54,92,54,69,58,46,42,55,33,33,33,40,12,13,2,2,4,2,0,0,0,0,-27,-27,-34,-34,-66,-39,-81,-80,-87,0,0,0,0,0,-9,-12,-11,-25,-74,0,-124,-34,-41,-40,-40,-41,-44,-26,-34,-23,-33,-7,-3,-8,-14,-14,-25,-11,-18,-16,-55,-36,-43,0,-54,0,-13,0,0,0,0,0,0,0,0,29,28,31,5,14,0,0,0,3,8,2,2,39,39,14,14,18,31,30,10,20,18,321,303,193,0,0,0,0,0,0,0,0,8,0,0,0,0,0,0,0,0,0,0]} 1. e4 c5 2. Nf3 a6 3. c4 e6 4. Nc3 b6 5. d4 cxd4 6. Nxd4 Bb7 7. Be2 {A34: Symmetrical English: 2 Nc3, lines with ...d5.} Qc7 8. Be3 $1 {[%mdl 4] now scores much better than the old 8.0-0.} Nf6 9. f3 {White is slightly better.} d6 10. O-O Nbd7 11. Rc1 {White is more active.} Be7 12. b4 O-O 13. Qb3 Rac8 14. Rfd1 Rfe8 15. Na4 Qb8 16. Bf1 {[#]} d5 $146 ({Predecessor:} 16... Bd8 17. b5 a5 18. Nc6 Bxc6 19. bxc6 Nc5 20. Qb5 Qc7 21. Nxb6 Qxb6 22. Rxd6 Qxb5 23. cxb5 {1-0 (34) Brodowski,P (2365)-Lubczynski,R (2368) Chotowa 2007}) 17. cxd5 exd5 18. Rxc8 Rxc8 19. Nf5 Bf8 20. exd5 (20. Bxb6 dxe4 21. Bc5 exf3 $17) 20... Qe5 {[%csl LRd5,LRf5]} 21. Qb1 Nxd5 22. Bd4 Qf4 23. b5 (23. Qe4 $1 $15 g6 24. Qxf4 Nxf4 25. Ne3) 23... g6 $17 24. Ng3 ({Wrong is} 24. bxa6 $2 Bc6 25. Nb2 gxf5 $19) 24... a5 (24... axb5 $1 $17 25. Ne2 Qh6 26. Qxb5 Bc6) 25. Qe4 Qc7 {[%cal Od5c3] ...Nc3! is the strong threat.} 26. Bb2 {To avoid Nc3} N7f6 27. Qe5 Qxe5 28. Bxe5 Nd7 29. Bb2 (29. Bd4 $1 $11) 29... f5 (29... Nc5 $17 30. Nxc5 Bxc5+ 31. Kh1 Ne3) 30. Rc1 (30. Ne2 $11 {remains equal.}) 30... Rxc1 (30... Nc5 $1 $17 {[%cal Rc5a4]} 31. Rc4 Nxa4 32. Rxa4 Rc2) 31. Bxc1 $15 Nc5 32. Nb2 Bg7 33. Bc4 Bd4+ 34. Kf1 Kf8 {Hoping for ...Bxb2.} 35. Nd1 Nd7 36. Ne2 Be5 37. Ba3+ Ke8 38. g3 N7f6 39. Kf2 Kd7 40. Bf8 Ne8 (40... Bd6 $5 {[%cal Rd6f8]} 41. Bxd6 Kxd6 $15) 41. Ne3 Ndc7 (41... Nxe3 $15 42. Kxe3 Bd6) 42. Bd3 (42. h4 $11) 42... Ne6 ({Black should play} 42... Nd6 $1 $15) 43. Ba3 Nf6 44. Nc4 {[%csl LRb6,LRe5]} Bc7 45. Bb2 Nd5 46. a3 {Prevents Nb4.} Bd8 47. Nd4 Nec7 48. Ne5+ Ke8 49. Bc4 Bf6 50. Nd3 Kd7 51. Ke2 Ne8 52. a4 Nd6 53. Bb3 g5 {[#]} 54. Nxf5 $1 Bxb2 55. Nxd6 Kxd6 56. Nxb2 $14 {[%mdl 4096] Endgame KBN-KBN} Kc5 $1 57. Bc2 h6 58. Be4 Kb4 $2 {[%mdl 8192]} (58... g4 $11 {and Black is okay.}) 59. Kd3 $1 $18 Kb3 {[#]} 60. Nc4 ({White should try} 60. Kd4 $1 $18 Nc3 61. Bxb7 Kxb2 62. f4 gxf4 63. gxf4 Nxa4 64. f5) 60... Nb4+ $11 {The position is equal.} 61. Kd4 Bxe4 62. fxe4 Kxa4 {KN-KN} 63. Nd6 Kb3 $1 64. e5 {And now e6 would win.} a4 $1 {aiming for ...a3.} 65. Nc4 Nc2+ 66. Kd5 $1 Nb4+ (66... a3 $2 67. Nxa3 $1 Nxa3 68. Kc6 $18 (68. e6 Nxb5 69. e7 Nc7+ 70. Kc6 Ne8 $11)) 67. Kd4 Nc2+ 68. Kd5 $1 {Black must now prevent e6.} Nb4+ (68... a3 $2 {[#]} 69. Nxa3 $1 Nxa3 70. Kc6 $18 (70. e6 Nxb5 71. e7 Nc7+ 72. Kc6 Ne8 $11)) 69. Kd4 {Weighted Error Value: White=0.19 (very precise) /Black=0.23 (precise)} 1/2-1/2

[Event "46th BAN National Premier Chess-ch 2021"]
[Site "Dhaka"]
[Date "2022.01.09"]
[Round "12.4"]
[White "Nayem, Haque"]
[Black "Mehdi, Hasan Parag"]
[Result "0-1"]
[WhiteElo "2091"]
[BlackElo "2230"]
[Annotator "TA"]
[PlyCount "58"]
[EventDate "2021.12.27"]
[EventCountry "BAN"]
[SourceTitle "playchess.com"]
[Source "ChessBase"]
[SourceQuality "1"]

{[%evp 11,58,0,0,-15,11,-15,-4,-20,0,-11,-16,-40,-35,-136,-126,-123,-137,-127,-129,-124,-135,-138,-136,-339,-339,-344,-335,-404,-364,-339,-257,-270,-257,-257,-267,-267,-264,-263,-202,-212,-219,-260,-258,-253,-265,-417,-417,-417,-417]} 1. d4 d5 2. c4 c6 3. e3 Nf6 4. Nc3 Bf5 5. Qb3 Qb6 6. Nf3 e6 7. Bd2 {D12: Slav Defence: 3 Nf3 Nf6 4 e3 Bf5.} Nbd7 8. Be2 Be7 9. O-O {The position is equal.} O-O 10. Rac1 Rfe8 11. Na4 Qc7 {[#]} 12. Bb4 $146 (12. Rfe1 $15) ({Predecessor:} 12. cxd5 exd5 13. Bb4 Bxb4 14. Qxb4 Nb6 15. Nc5 Nfd7 16. a4 Nxc5 17. Rxc5 Nd7 18. Rc3 {1-0 (53) Lopez Mulet,I-Chao Vale,F (1561) Padron 2008}) 12... dxc4 $1 $17 13. Bxc4 Bxb4 14. Qxb4 b5 $1 15. Bxb5 {[#]} Qb7 16. Rxc6 {[#] Threatens to win with Nc5.} Rab8 $1 {[%cal Ob7c6] And now ...Qxc6! would win.} 17. Nc3 $2 {[#]} (17. Rfc1 $17 {was called for.}) 17... Qxc6 $1 $19 {[%mdl 512]} 18. Bxc6 Rxb4 19. e4 Bg4 20. Ne5 Rxd4 21. Bxd7 Rxd7 22. Nxd7 Nxd7 23. f3 Bh5 24. Rd1 Nb8 25. Nb5 a6 26. Nc7 Rc8 27. Rd6 g5 28. b4 (28. Nxa6 $142 Nxa6 29. Rxa6) 28... Rxc7 29. Rd8+ Kg7 {Black took control after the opening.  Weighted Error Value: White=0.44/Black=0.09 (flawless)} 0-1

[Event "46th BAN National Premier Chess-ch 2021"]
[Site "Dhaka"]
[Date "2022.01.09"]
[Round "12.5"]
[White "Reefat, Bin-Sattar"]
[Black "Hossain, Enamul"]
[Result "0-1"]
[WhiteElo "2394"]
[BlackElo "2398"]
[Annotator "TA"]
[PlyCount "80"]
[EventDate "2021.12.27"]
[EventCountry "BAN"]
[SourceTitle "playchess.com"]
[Source "ChessBase"]
[SourceQuality "1"]

{[%evp 25,80,14,15,0,0,-13,-4,-25,36,0,12,19,16,19,18,25,25,-8,64,-30,0,0,0,0,0,0,0,-56,-59,-62,-54,-53,-53,-82,-49,-63,-75,-77,-6,-6,0,0,0,-45,-46,-53,-52,-1252,-1235,-1158,-465,-604,-599,-1075,-463,-1164,-1023]} 1. e4 c5 2. Nf3 {[%cal Bg1f3,Bf3d4,Bd4b5,Bb5a3,Ba3c2][%mdl 32]} e6 3. d4 cxd4 4. Nxd4 Nc6 5. Nc3 Nf6 6. Ndb5 d6 7. Bf4 e5 8. Bg5 a6 9. Na3 b5 {[%cal Bb7b5,Bb5b4][%mdl 32]} 10. Nd5 Be7 11. Bxf6 Bxf6 12. c4 b4 13. Nc2 a5 {13...0-0 injects fresh life into this line.} 14. Bd3 {B33: Sicilian: Pelikan and Sveshnikov Variations.} O-O 15. h4 Be6 {[#]} 16. Qf3 $146 {The position is equal.} ({Predecessor:} 16. Nce3 Be7 17. Nf5 Bxf5 18. exf5 Bf6 19. Be4 Rc8 20. Qd3 Nd4 21. g4 Qe8 22. g5 Bd8 23. f6 {½-½ (33) Baeta,M (1960)-Campos,A (2089) Rio de Janeiro 2018}) 16... Rb8 (16... Be7 $11) 17. b3 Bxd5 18. cxd5 Nd4 19. Nxd4 exd4 20. Rc1 Rc8 21. Rc6 Qd7 (21... Rxc6 $11 22. dxc6 Qb6) 22. e5 (22. Qh3 $14 Qe8 23. Rxc8 (23. Rxd6 Qe5 $14) 23... Qxc8 24. Qxc8 Rxc8 25. Ke2) 22... Rce8 23. e6 fxe6 24. O-O {Strongly threatening dxe6.} e5 25. Qe4 g6 26. Rfc1 (26. h5 $11) 26... Bd8 $15 {[#] Threatens to win with ...Rf4.} 27. g3 {To avoid Rf4} Rf6 28. R1c2 Ref8 29. Ra6 Kh8 30. Rac6 Qf7 {[%cal Rf6f2]} 31. Qg2 ({Don't go for} 31. f4 $2 exf4 32. g4 (32. Qxd4 $2 Kg8 $19) 32... f3 $19) 31... Rf3 (31... Kg7 $17) 32. Be4 $11 Rc3 33. Rxd6 {[%cal Oh4h5]} Qa7 {aiming for ...d3.} 34. Rd2 {Prevents d3.} (34. Kh1 $11 {is more appropriate.}) 34... d3 $1 $15 35. Bxd3 {Qe4 is the strong threat.} Bb6 $1 $36 {[%mdl 2048] Black has some pressure.} 36. h5 $2 {[%mdl 8192] [#] Now White is beyond hope.} (36. Qe4 $15 Bxf2+ 37. Kg2) 36... Bxf2+ $1 $19 {[%mdl 512] Black is clearly winning.} 37. Kh2 (37. Kh1 Qe3) 37... Be3 (37... Qe3 $142 38. Re2 Qxd3 39. Rxf2 Rxf2 40. Qxf2 Rc2) 38. Re2 Rxd3 39. hxg6 Bh6 (39... Bf2 $142 40. Rd8 Rxd8 41. Qxf2 Qxf2+ 42. Rxf2 hxg6) 40. gxh7 (40. Qe4 $142 Rd1 41. Qxe5+ Bg7 42. Qe3) 40... Qg7 {Weighted Error Value: White=0.68/Black=0.40} 0-1

[Event "46th BAN National Premier Chess-ch 2021"]
[Site "Dhaka"]
[Date "2022.01.09"]
[Round "12.6"]
[White "Subrota, Biswas"]
[Black "Chatterjee, Debaraj"]
[Result "1/2-1/2"]
[WhiteElo "2199"]
[BlackElo "2204"]
[Annotator "TA"]
[PlyCount "39"]
[EventDate "2021.12.27"]
[EventCountry "BAN"]
[SourceTitle "playchess.com"]
[Source "ChessBase"]
[SourceQuality "1"]

{[%evp 16,39,12,4,2,11,12,0,15,0,0,0,31,0,0,0,0,-28,-3,-22,0,-4,0,-76,-62,-91]} 1. e4 c5 2. Nf3 d6 3. d4 cxd4 4. Nxd4 Nf6 5. Nc3 a6 6. Bg5 e6 7. f4 h6 8. Bh4 Qb6 9. a3 Be7 {[%cal Of6e4] B96: Sicilian Najdorf: 6 Bg5 e6 7 f4, lines other than 7...Qb6 and 7...Be7.} (9... Qxb2 $2 10. Na4 Qxa1 11. Qxa1 $18) 10. Bf2 {[%cal Od4e6]} Qc7 (10... Qxb2 $2 11. Na4 Qxa1 12. Qxa1 $18) 11. Qf3 b5 {The position is equal.} 12. O-O-O Bb7 13. g4 {[#] aiming for g5.} d5 $1 {[%mdl 4] is recently more successful than 13...Nbd7.} 14. e5 (14. exd5 $14 Nxd5 15. Bg2) 14... Ne4 $11 15. Nxe4 dxe4 16. Qe3 Nc6 17. Nxc6 Qxc6 18. Bg2 Rc8 {[%csl Gc8][%cal Rc6c2] [#]} 19. Qb3 $146 {Active counter play!} (19. Qe2 $11) ({Predecessor:} 19. c3 Qc4 20. Qd4 Bd5 21. Qxc4 Rxc4 22. Bd4 Bh4 23. b3 Rc8 24. Kb2 Ke7 25. Rd2 {0-1 (35) Mrudul,D (1942)-Raja,R (2155) Mumbai 2017}) 19... Qc7 20. c3 {Weighted Error Value: White=0.16 (very precise) /Black=0.06 (flawless)} 1/2-1/2

[Event "46th BAN National Premier Chess-ch 2021"]
[Site "Dhaka"]
[Date "2022.01.09"]
[Round "12.7"]
[White "Zia, Tahsin Tajwar"]
[Black "Islam, Khandaker Aminul"]
[Result "0-1"]
[WhiteElo "2232"]
[BlackElo "2155"]
[Annotator "TA"]
[PlyCount "110"]
[EventDate "2021.12.27"]
[EventCountry "BAN"]
[SourceTitle "playchess.com"]
[Source "ChessBase"]
[SourceQuality "1"]

{[%evp 9,110,8,10,11,9,-5,12,13,15,12,13,7,14,0,8,0,12,-26,-24,-35,-26,-37,-34,-36,-22,-27,-34,-31,-33,-57,-3,-25,0,-26,16,0,0,-54,-45,-47,-44,-60,-43,-40,-37,-33,0,-20,0,-41,-33,-130,-134,-131,-147,-193,-143,-237,-229,-235,-214,-225,-194,-299,-303,-344,-329,-683,-483,-475,-467,-662,-608,-612,-387,-372,-356,-448,-475,-468,-454,-551,-551,-657,-551,-540,-488,-1762,-577,-1587,-1530,-2709,-2440,-29972,-29972,-29964,-29979,-29977,-29978,-29991,-29992,-29992,-29993]} 1. d4 Nf6 2. c4 e6 3. g3 Bb4+ 4. Nd2 a5 5. Bg2 d5 6. Ngf3 {E00: Catalan Bogo-Indian (3 g3 Bb4+).} O-O {6...dxc4 is the hot move.} 7. Qc2 b6 8. O-O {The position is equal.} Bb7 9. a3 Be7 10. cxd5 exd5 11. Ne5 c5 {[#]} 12. Rd1 $146 ({Predecessor:} 12. Ndf3 c4 13. Bf4 b5 14. Rfd1 Na6 15. Nd2 Nh5 16. Be3 f6 17. Qf5 fxe5 18. Qxh5 {1-0 (47) Cheremnova,T (2156)-Tashimova,N (2073) Novokuznetsk 2008}) 12... Qc8 13. h3 Re8 14. Ndf3 {[%cal Bd2f3,Bf3h2,Bh2g4,Bg4e5][%mdl 32]} Nc6 15. Nxc6 Qxc6 16. Bg5 h6 17. Bxf6 (17. Ne5 {with more complications.} Qd6 18. Bf4 Qe6 19. h4 Bd6 20. Qb3) 17... Bxf6 18. Rac1 {[%cal Rd4c5]} c4 19. Nh2 Rad8 ({Better is} 19... b5 $15) 20. Ng4 (20. b3 $5 {[%cal Rb3c4]}) 20... Bg5 21. e3 (21. Ne5 $5 {[%cal Re5c6]} Qc7 22. e3 $11) 21... b5 (21... Be7 $142 $1) 22. Ne5 Qa6 23. Qe2 (23. b3 $1 $11) 23... Bf6 $15 24. f4 Be7 25. Qh5 Rf8 26. Rf1 b4 27. axb4 axb4 28. h4 Bf6 29. Qf3 (29. Ra1 $11 {is more appropriate.} Qb6 30. Rf2) 29... Bc8 30. g4 {White is now going downhill.} (30. Ra1 $15 Qb5 31. Qd1) 30... Bxh4 $17 31. Qh3 Bf6 {This bishop pair is nice.} 32. Bf3 (32. Ra1 $17 Qb5 33. Qg3) 32... Qb6 (32... Bxe5 $19 33. fxe5 Qe6) 33. Rc2 (33. Qh5 $17) 33... Bxe5 $19 34. fxe5 Qg6 35. Rcf2 Qg5 36. Bd1 (36. Re1 {was worth a try.}) 36... b3 37. Kh1 Be6 38. Rf5 $2 {[#]} (38. Qg3) 38... Qg6 39. R5f2 Ra8 40. Bf3 (40. Qg2 $142 Ra1 41. Bf3 Rxf1+ 42. Rxf1) 40... Ra2 {[%cal Oc4c3]} 41. Qg2 Rd8 42. e4 {[%cal Re4d5]} Ra5 ({Don't go for} 42... dxe4 $2 43. Bxe4 Qxe4 44. Qxe4 $19) 43. Kg1 dxe4 44. Bxe4 Qg5 45. Rf4 Rxd4 46. Qf2 {[#]} Rxe4 47. Rxe4 Rxe5 48. Rd4 (48. Qa7 $142 Rxe4 49. Qa8+ Bc8 50. Qxe4 Bxg4 51. Qf4) 48... Qg6 (48... Bxg4 $142 {( -> ...Bh3+)} 49. Qxf7+ Kh7) 49. Qg3 Rg5 {[%cal Re6g4]} 50. Rff4 Qb1+ 51. Kh2 Qxb2+ {Black mates.} 52. Kg1 Qa1+ 53. Kh2 b2 54. Rxf7 b1=Q {[%csl Ga1][%cal Rb1h1]} 55. Rd8+ Kh7 {Weighted Error Value: White=0.69/Black=0.30} 0-1

[Event "46th BAN National Premier Chess-ch 2021"]
[Site "Dhaka"]
[Date "2022.01.10"]
[Round "13.2"]
[White "Chatterjee, Debaraj"]
[Black "Zia, Tahsin Tajwar"]
[Result "1/2-1/2"]
[WhiteElo "2204"]
[BlackElo "2232"]
[Annotator "TA"]
[PlyCount "52"]
[EventDate "2021.12.27"]
[EventCountry "BAN"]
[SourceTitle "playchess.com"]
[Source "ChessBase"]
[SourceQuality "1"]

{[%evp 9,52,13,31,4,0,-24,-24,-32,-24,-38,-21,-20,24,14,26,5,50,-14,0,0,0,0,0,0,0,-22,0,0,2,18,24,0,0,0,0,0,0,0,1,0,0,0,0,0,0]} 1. d4 d5 2. c4 e6 3. Nf3 Nf6 4. g3 dxc4 5. Bg2 Nbd7 6. Nfd2 {E04: Open Catalan: 5 Nf3.} Nb6 {[#]} 7. e3 $146 ({Predecessor:} 7. Nxc4 Bb4+ 8. Nc3 O-O 9. Ne5 c5 10. dxc5 Qxd1+ 11. Kxd1 Bxc5 12. Nd3 Be7 13. b3 Rd8 {0-1 (66) Solovyov,V (2290)-Shimanov,A (2581) St Petersburg 2021}) 7... c5 8. dxc5 {Black has an edge.} Bxc5 9. O-O Qd3 10. a4 a5 (10... O-O $142) 11. Na3 $1 $11 {[%cal Od2c4]} c3 12. bxc3 Bd7 ({Don't do} 12... Qxc3 13. Nb3 Bd7 14. Nb5 Bxb5 15. Bd2 $14) (12... O-O $11) 13. Nab1 (13. Nb5 $1 $14) 13... Bc6 14. Bxc6+ bxc6 15. Nb3 {[%csl LRc5,LRd3]} Qxd1 16. Rxd1 Be7 17. Nd4 Rc8 18. Nb3 Nc4 19. N1d2 Rd8 {[%cal Of6e4]} 20. Rf1 (20. Nd4 $5 {[%cal Rd2c4]} Nxd2 21. Bxd2 $14) 20... Nxd2 {The position is equal.} 21. Bxd2 Ne4 22. Rfd1 Bf6 23. Be1 Bxc3 24. Rxd8+ Kxd8 25. Bxc3 Nxc3 26. Nxa5 Kc7 {Weighted Error Value: White=0.09 (flawless) /Black=0.09 (flawless)} 1/2-1/2